Statistics for Guess the Hit Title from the Lyrics #11

Click here to take the quiz!

General Stats

  • This quiz has been taken 138 times
  • The average score is 4 of 15

Answer Stats

LyricsAnswer% Correct
I got my ____'_ _____ last week / Just like we always talked about / 'Cause you were so excited for me / To finally drive up to your house / But today I drove through the suburbs / Crying 'cause you weren't aroundDrivers License: By Olivia Rodrigo
77%
Sometimes, all I think about is you / Late nights in the middle of June / ___ ___ been faking me out / Can't make you happier nowHeat Waves: By Glass Animals
76%
I'm starting with the ___ __ ___ _____ / I'm asking him to change his ways / And no message could have been any clearer If you want to make the world a better place / Take a look at yourself, and then make a changeMan in the Mirror: By Michael Jackson
62%
So put your best face on everybody / Pretend you know this song /Everybody come hang (come hang) / Let's go out with a ____ / ____! ____! ____!Bang!: By AJR
56%
____ __ __ ______ / Shower me with good times / Tell me that the world's been spinning since the beginning / And everything will be alright / ____ __ __ ______Cover Me In Sunshine: By P!nk & Willow Sage Hart
30%
That you are the only one I'll ever love (I gotta tell ya, gotta tell ya) / Yeah, you, if it's not you, it's not _____ (I gotta tell ya, gotta tell ya)Anyone: By Justin Bieber
25%
_____' __ ___ _______ / Everybody's feelin' warm and right / It's such a fine and natural sight / Everybody's _____' __ ___ _______Dancin' In the Moonlight: By King Harvest
25%
Been wishin' for you, am I lucky or not, lucky or not, lucky or not? / Ooh, ooh, ooh, ooh, ooh, been wishin' for you / Ooh, ooh / Tryna do ____ ____ __ oohWhat Lovers Do: By Maroon 5 & SZA
19%
Do we need somebody just to feel like we're alright? / Is the only reason you're holding me tonight / 'Cause we're _____ __ __ _____?Scared to be Lonely: By Dua Lipa & Martin Garrix
16%
You 'bout that ______ (______) / Everybody knows Diamonds ain't got nothin' on you, ooh, ooh / We 'bout that ______ (______) / Dollar, dollar bills / Baby, would you stay if I'm broke?Lifestyle: By Jason Derulo & Adam Levine
7%
Last night was the last night of my ___ ___ / Got me here like you could never figure me out / Last night was the last time, was the last time / I never let you figure me outPast Life: By Trevor Daniel & Selena Gomez
7%
This won't be a burden if we both don't hold a grudge / I think it's pretty plain and simple / We gave it all we could / It's time I wave goodbye from the window / Let's end this like we should and say __'_ ___We're Good: By Dua Lipa
7%
I used to not take chances with God's name / But it's been so long since I last prayed / And now I'm all messed up and my heart's changed / 'Cause I care more about ____ _____ _____ ____What Other People Say: By Demi Lovato & Sam Fischer -
7%
For time flies and it's so slow / I'm up and down like a yo-yo / I can't do it on my own / And I've tried and I can't pull the _____ ____ ___ _____Sword from the Stone: By Passenger
3%
We're __ _____ / Only a moment, already know you / __ _____ / And I might move in closer / We're __ _____ / Only a moment, already know you / __ _____ / And I might move in closer nowSo Personal: By Foley
1%

Score Distribution

Percentile by Number Answered

Percent of People with Each Score

Your Score History

You have not taken this quiz